000 00510nam a2200181Ia 4500
008 230917s9999||||xx |||||||||||||| ||und||
020 _cRS715
040 _e243516
_aMAIN
041 _aEnglish
082 _a005.43 D536O(3)
100 _aDhamdhere, Dhananjay M
245 0 _aOperating systems: A concept-based approach
250 _a3rd ed.
260 _aChennai
_bMcGraw-Hill Education (India)
_c2017
300 _axx, 828 p.
500 _a2943 27/11/2017 HBD17/7108 05/12/2017 UIET (SFS)
942 _cBK
999 _c24692
_d24692